Reklamácie po zavedení eura

Schválená novela zákona o ochrane spotrebiteľa sa zameriava na ochranu spotrebiteľa po zavedení spoločnej európskej meny euro. Zmeny v právnej norme. Rovnaké práva v celej Únii. Snaha uľahčiť spotrebiteľom maloobchodný predaj i predaj prostredníctvom internetu.

Salvato in:
Dettagli Bibliografici
Natura: Capitolo di libro
Lingua:slovacco
Soggetti:
Tags: Aggiungi Tag
Nessun Tag, puoi essere il primo ad aggiungerne!!

MARC

LEADER 00000naa$a2200000$$$4500
001 0085842
005 20231109065448.9
041 0 |a slo 
044 |a SK 
245 1 0 |a Reklamácie po zavedení eura 
520 |a Schválená novela zákona o ochrane spotrebiteľa sa zameriava na ochranu spotrebiteľa po zavedení spoločnej európskej meny euro. Zmeny v právnej norme. Rovnaké práva v celej Únii. Snaha uľahčiť spotrebiteľom maloobchodný predaj i predaj prostredníctvom internetu. 
610 2 0 |a ochrana spotrebiteľa 
610 2 0 |a reklamácie 
610 2 0 |a euro 
610 2 0 |a zákony 
610 2 0 |a novelizácia